000 00267nam a2200121Ia 4500
008 170620s9999 xx 000 0 und d
100 _aWELLING - PETER G
245 0 _aPHARMACOKINETICS
260 _bDEKKER
260 _c2005
300 _a512
546 _aEnglish
690 _aPHARMACOKINETICS
999 _c31037
_d31037